Southeast Asia Quiz - One Minute Speedrun - Statistics

General Stats
  • This quiz has been taken 21 times
  • The average score is 10 of 11
Answer Stats
Country Capital % Correct
Indonesia Jakarta
94%
Malaysia Kuala Lumpur
94%
Singapore Singapore
94%
Thailand Bangkok
94%
Vietnam Hanoi
94%
Philippines Manila
89%
Brunei Bandar Seri Begawan
83%
Cambodia Phnom Penh
83%
East Timor Dili
83%
Laos Vientiane
83%
Myanmar Naypitaw
83%
No matching quizzes found
Score Distribution
Percent of People with Each Score
Percentile by Number Answered
Your Score History
You have not taken this quiz